How to feel like a somebody again / (Record no. 5226)

MARC details
000 -LEADER
fixed length control field 00725cam a2200241 i 4500
001 - CONTROL NUMBER
control field 2738744
003 - CONTROL NUMBER IDENTIFIER
control field GBCCL
005 - DATE AND TIME OF LATEST TRANSACTION
control field 20241126110536.0
008 - FIXED-LENGTH DATA ELEMENTS--GENERAL INFORMATION
fixed length control field 790110s1978 cau 000 0 eng
010 ## -
-- 78055587
020 ## - INTERNATIONAL STANDARD BOOK NUMBER
International Standard Book Number 089081130X :
Terms of availability $2.95
040 ## - CATALOGING SOURCE
Original cataloging agency DLC
Transcribing agency DLC
Modifying agency DLC
050 00 -
-- BV4501.2
-- .G29
082 00 - DEWEY DECIMAL CLASSIFICATION NUMBER
Classification number 248.4
Item number GAL
100 1# - MAIN ENTRY--PERSONAL NAME
Personal name Galloway, Dale E.
9 (RLIN) 9427
245 10 - TITLE STATEMENT
Title How to feel like a somebody again /
Statement of responsibility, etc. Dale Galloway.
260 ## - PUBLICATION, DISTRIBUTION, ETC.
Place of publication, distribution, etc. Irvine, Calif. :
Name of publisher, distributor, etc. Harvest House Publishers,
Date of publication, distribution, etc. c1978.
300 ## - PHYSICAL DESCRIPTION
Extent 144 p. ;
Dimensions 21 cm.
650 #0 - SUBJECT ADDED ENTRY--TOPICAL TERM
Topical term or geographic name entry element Christian life.
9 (RLIN) 183
650 #0 - SUBJECT ADDED ENTRY--TOPICAL TERM
Topical term or geographic name entry element Self-acceptance
General subdivision Religious aspects
-- Christianity.
9 (RLIN) 7075
906 ## - LOCAL DATA ELEMENT F, LDF (RLIN)
a 7
b cbc
c orignew
d 2
e ocip
f 19
g y-gencatlg
942 ## - ADDED ENTRY ELEMENTS (KOHA)
Source of classification or shelving scheme Dewey Decimal Classification
Koha item type Books
Holdings
Withdrawn status Lost status Source of classification or shelving scheme Damaged status Not for loan Home library Current Library Shelving location Date acquired Total checkouts Full call number Barcode Date last seen Copy number Price effective from Koha item type
    Dewey Decimal Classification     GRACE BIBLE COLLEGE GRACE BIBLE COLLEGE Ministry & Mission 2018-03-06   248.4 GAL 005001 2025-05-01 c.1 2018-03-06 Books
© Grace Bible College Library 2025